Sports Quiz

Random Sports or College Quiz

FBS team name-state association Quiz Stats

Quiz not verified by Sporcle

Challenge
Share
Tweet
Embed
Score 0/34 Timer 05:00
0 Plays Today
Location Team name % Correct
Seattle WAHuskies
94.4%
Storrs CTHuskies
94.4%
Tallahassee FLSeminoles
92.3%
Boone NCMountaineers
92.3%
Tempe AZSun Devils
90.5%
Gainesville FLGators
90.5%
Fayetteville ARRazorbacks
88.9%
Ames IACyclones
85.7%
Coral Gables FLHurricanes
85.7%
Urbana-Champaign ILFighting Illini
85.7%
Minn.-St. Paul MNGolden Gophers
85.7%
Berkeley CAGolden Bears
85.7%
Honolulu HIRainbow Warriors
85.7%
Stillwater OKCowboys
81%
Austin TXLonghorns
81%
Morgantown WVMountaineers
81%
Salt Lake City UTUtes
81%
Location Team name % Correct
Oxford MSRebels
81%
Mount Pleasant MIChippewas
81%
Laramie WYCowboys
81%
Bowling Green KYHilltoppers
81%
Amherst MAMinutemen
80%
Bloomington INHoosiers
78.9%
Columbus OHBuckeyes
78.9%
New Orleans LAGreen Wave
76.2%
Iowa City IAHawkeyes
70.4%
Madison WIBadgers
70.4%
Knoxville TNVolunteers
69%
Lafayette LARagin' Cajuns
66.7%
Ann Arbor MIWolverines
66.2%
Chapel Hill NCTar Heels
63.4%
Norman OKSooners
63.4%
Lincoln NECornhuskers
62%
Corvalis ORBeavers
43.7%

You're not logged in!

Compare scores with friends on all Sporcle quizzes.
Sign Up with Email
OR
Log In

You Might Also Like...

Show Comments

Extras

Top Quizzes Today


Score Distribution

Your Account Isn't Verified!

In order to create a playlist on Sporcle, you need to verify the email address you used during registration. Go to your Sporcle Settings to finish the process.